|
|
|
|
| LEADER |
01762nam a2200445 a 4500 |
| 001 |
EBC776744 |
| 003 |
MiAaPQ |
| 005 |
20200520144314.0 |
| 006 |
m o d | |
| 007 |
cr cn||||||||| |
| 008 |
100208s2010 ctuab sb 001 0 eng d |
| 010 |
|
|
|z 2010922128
|
| 020 |
|
|
|z 9780819570802 (cloth : alk. paper)
|
| 020 |
|
|
|z 081957080X (cloth : alk. paper)
|
| 020 |
|
|
|a 9780819571021 (electronic bk.)
|
| 035 |
|
|
|a (MiAaPQ)EBC776744
|
| 035 |
|
|
|a (Au-PeEL)EBL776744
|
| 035 |
|
|
|a (CaPaEBR)ebr10468419
|
| 035 |
|
|
|a (CaONFJC)MIL310971
|
| 035 |
|
|
|a (OCoLC)767498347
|
| 040 |
|
|
|a MiAaPQ
|c MiAaPQ
|d MiAaPQ
|
| 043 |
|
|
|a n-us-ct
|
| 050 |
|
4 |
|a HD4464.H37
|b M87 2010
|
| 100 |
1 |
|
|a Murphy, Kevin
|q (Kevin J.),
|d 1949-
|
| 245 |
1 |
0 |
|a Water for Hartford
|h [electronic resource] :
|b the story of the Hartford Water Works and the Metropolitan District Commission /
|c Kevin Murphy.
|
| 250 |
|
|
|a 1st Wesleyan ed.
|
| 260 |
|
|
|a Middletown, Conn. :
|b Wesleyan University Press,
|c 2010.
|
| 300 |
|
|
|a xxi, 318 p. :
|b ill., maps.
|
| 490 |
1 |
|
|a Garnet books
|
| 504 |
|
|
|a Includes bibliographical references and index.
|
| 533 |
|
|
|a Electronic reproduction. Ann Arbor, MI : ProQuest, 2015. Available via World Wide Web. Access may be limited to ProQuest affiliated libraries.
|
| 610 |
2 |
0 |
|a Hartford Water Works
|x History.
|
| 610 |
2 |
0 |
|a Metropolitan District (Conn.)
|x History.
|
| 650 |
|
0 |
|a Waterworks
|z Connecticut
|z Hartford
|x History.
|
| 650 |
|
0 |
|a Water-supply
|z Connecticut
|z Hartford
|x History.
|
| 650 |
|
0 |
|a Water-supply engineering
|z Connecticut
|z Hartford
|x History.
|
| 655 |
|
4 |
|a Electronic books.
|
| 710 |
2 |
|
|a ProQuest (Firm)
|
| 830 |
|
0 |
|a Garnet books.
|
| 856 |
4 |
0 |
|u https://ebookcentral.proquest.com/lib/matrademy/detail.action?docID=776744
|z Click to View
|